000
00296nam a2200121Ia 4500
008
190216s9999||||xx |||||||||||||| ||und||
100
_a
Purinak P G&Amp;Thakur R S
245
0
_a
Text Book Of Chordate Zoology
260
_b
S Chand & Co
_c
1987
300
_a
292p
650
_a
Zoology
942
_c
BK
999
_c
37415
_d
37415